[Event "POLFINAL MISTRZOSTW POLSKI JUNIOROW 2019 - C17"]
[Site "Ustron"]
[Date "1899-12-30"]
[Round "9.18"]
[White "Zolkiewski, Jakub"]
[Black "Kucza, Arkadiusz"]
[Result "1-0"]
[WhiteTitle "I"]
[BlackTitle "II"]
[WhiteElo "1752"]
[BlackElo "1384"]

1. d4 Nf6 2. c4 g6 3. Nc3 Bg7 4. e4 d6 5. f3 O-O 6. Be3 e5 7. d5 Ne8 8. Qd2 f5
9. O-O-O f4 10. Bf2 b6 11. g3 Bh6 12. gxf4 Bxf4 13. Be3 Nd7 14. h4 Ng7 15. Bh3
Nf6 16. Nge2 Nfh5 17. Rdg1 a5 18. Bg4 Ba6 19. Bxf4 Nxf4 20. Nb5 Bxb5 21. cxb5
a4 22. h5 gxh5 23. Nxf4 exf4 24. Bf5 Qf6 25. Rxh5 a3 26. Rxh7 Qxb2+ 27. Qxb2 axb2+
28. Kxb2 Rf7 29. Rgh1 Nxf5 30. Rh8+ Kg7 31. Rxa8 Nd4 32. Ra3 Nxb5 33. Rd3 Rf6
34. a4 Na7 35. Rc3 Rf7 36. Rhc1 c6 37. dxc6 Rc7 38. Rd1 Nc8 39. e5 1-0

[Event "POLFINAL MISTRZOSTW POLSKI JUNIOROW 2019 - C17"]
[Site "Ustron"]
[Date "1899-12-30"]
[Round "9.19"]
[White "Gazda, Dominik"]
[Black "Rudzinski, Damian"]
[Result "1-0"]
[WhiteTitle "I"]
[BlackTitle "II"]
[WhiteElo "1640"]
[BlackElo "1015"]

1. e4 d6 2. d4 Nf6 3. Nc3 g6 4. Be2 Bg7 5. h4 O-O 6. h5 e5 7. hxg6 fxg6 8. Bc4+
Kh8 9. Bg5 Nbd7 10. Nf3 Re8 11. Nh4 Nf8 12. Nd5 c6 13. Nxf6 Bxf6 14. Nxg6+ Nxg6
15. Rxh7+ Kxh7 16. Qh5+ 1-0

[Event "POLFINAL MISTRZOSTW POLSKI JUNIOROW 2019 - C17"]
[Site "Ustron"]
[Date "1899-12-30"]
[Round "9.20"]
[White "Drygas, Wojciech"]
[Black "Karas, Kacper"]
[Result "1/2-1/2"]
[WhiteTitle "II"]
[BlackTitle "II"]
[WhiteElo "1477"]
[BlackElo "1133"]

1. d4 Nf6 2. Nf3 g6 3. c4 Bg7 4. g3 d5 5. Bg2 O-O 6. O-O c6 7. b3 b6 8. Bb2 Bb7
9. Qc2 Nbd7 10. Nbd2 Qc7 11. e4 dxe4 12. Nxe4 Nxe4 13. Qxe4 Nf6 14. Qc2 e6 15.
Rad1 Rfd8 16. Bc1 Nh5 17. c5 Nf6 18. Bf4 Qe7 19. Bd6 Rxd6 20. cxd6 Qxd6 21. Rc1
Nd5 22. Qd2 Rc8 23. Rfe1 Qb4 24. Rcd1 Nc3 25. Rc1 Nd5 26. Rcd1 Nc3 27. Rc1 Nd5
28. Rcd1 Nc3 29. Rc1 Nd5 30. Rcd1 Nc3 31. Rc1 Nd5 1/2-1/2